[Event "Druga liga Srbije grupa Vojvodina 2011"]
[Site "Vrbas"]
[Date "2011.09.30"]
[Round "9.1"]
[White "Markovic, Milovan"]
[Black "Petakov, Uros"]
[Result "1/2-1/2"]
[WhiteElo "2248"]
[BlackElo "2352"]
[PlyCount "79"]
[EventDate "2011.09.25"]

1. d4 Nf6 2. Nf3 e6 3. g3 Be7 4. Bg2 O-O 5. O-O d5 6. c3 Nbd7 7. Nbd2 b6 8. Re1
Bb7 9. Ng5 Ng4 10. Ndf3 Ndf6 11. h3 Nxf2 12. Kxf2 h6 13. Qc2 hxg5 14. Nxg5 Ng4+
15. hxg4 Bxg5 16. Bf4 Bxf4 17. gxf4 Qf6 18. Kg3 g6 19. g5 Qf5 20. Qd2 Kg7 21.
Qe3 Rh8 22. Rh1 Rxh1 23. Rxh1 Rh8 24. Bh3 Qe4 25. Qxe4 dxe4 26. Bg2 Rxh1 27.
Bxh1 f5 28. gxf6+ Kxf6 29. Bg2 Bc6 30. c4 Bb7 31. b4 Ba6 32. b5 Bb7 33. a4 a5
34. Bh3 Ba8 35. Kf2 Bb7 36. Ke3 Ba8 37. Kd2 Bb7 38. Kc3 Ba8 39. e3 Bb7 40. Bg4
1/2-1/2

[Event "Druga liga Srbije grupa Vojvodina 2011"]
[Site "Vrbas"]
[Date "2011.09.30"]
[Round "9.1"]
[White "Miljkovic, Bojan"]
[Black "Pezelj, Novak"]
[Result "1-0"]
[WhiteElo "2207"]
[BlackElo "2373"]
[PlyCount "67"]
[EventDate "2011.09.25"]

1. Nf3 Nf6 2. c4 e6 3. g3 Be7 4. Bg2 O-O 5. O-O d5 6. d4 dxc4 7. Qc2 a6 8. Qxc4
b5 9. Qc2 Bb7 10. Bg5 Nbd7 11. Nbd2 c5 12. Bxf6 Bxf6 13. dxc5 Rc8 14. Nb3 Be7
15. Ng5 Bxg5 16. Bxb7 Rc7 17. Bxa6 Qb8 18. a4 b4 19. Bd3 g6 20. Be4 Nxc5 21.
Nxc5 Qa7 22. a5 Be7 23. a6 Bxc5 24. Qd3 Bd4 25. Qb3 Rb8 26. e3 Bc5 27. Rfc1 Rd8
28. Rc2 Rd6 29. Qa4 Rcd7 30. Rxc5 Qxc5 31. a7 Rxa7 32. Qxa7 Qe5 33. Qb8+ Kg7
34. Qxb4 1-0

[Event "Druga liga Srbije grupa Vojvodina 2011"]
[Site "Vrbas"]
[Date "2011.09.30"]
[Round "9.1"]
[White "Vujacic, Borivoje"]
[Black "Stanojevic, Branko"]
[Result "1/2-1/2"]
[WhiteElo "2299"]
[BlackElo "2282"]
[PlyCount "26"]
[EventDate "2011.09.25"]

1. e4 c6 2. d4 d5 3. Nd2 dxe4 4. Nxe4 Bf5 5. Ng3 Bg6 6. h4 h6 7. Nf3 Nd7 8. h5
Bh7 9. Bd3 Bxd3 10. Qxd3 Ngf6 11. Bf4 Qa5+ 12. Bd2 Qc7 13. O-O-O e6 1/2-1/2

[Event "Druga liga Srbije grupa Vojvodina 2011"]
[Site "Vrbas"]
[Date "2011.09.30"]
[Round "9.1"]
[White "Kovacevic, Dragan"]
[Black "Milojevic, Dusan"]
[Result "0-1"]
[WhiteElo "2236"]
[BlackElo "2186"]
[PlyCount "98"]
[EventDate "2011.09.25"]

1. e4 c5 2. Nf3 a6 3. d4 cxd4 4. Nxd4 d6 5. c4 Nf6 6. Bd3 Nc6 7. Nxc6 bxc6 8.
Nc3 g6 9. O-O Bg7 10. Bg5 O-O 11. Qd2 Nd7 12. Rac1 a5 13. Bh6 Rb8 14. Bxg7 Kxg7
15. Na4 Ne5 16. f4 Nxd3 17. Qxd3 Kg8 18. b3 Qc7 19. h4 f5 20. Rce1 e5 21. Qg3
fxe4 22. fxe5 Rxf1+ 23. Kxf1 d5 24. Kg1 Bf5 25. Rf1 Rf8 26. Qc3 Qa7+ 27. c5 Qe7
28. Rf4 h5 29. Kf2 Re8 30. Ke3 Qc7 31. Nb6 Kf7 32. Qxa5 Qxe5 33. Qd2 Qa1 34.
Rf2 Ke6 35. Qd4 Qc1+ 36. Rd2 Qe1+ 37. Re2 Qg1+ 38. Rf2 Qc1+ 39. Rd2 Bg4 40. Kf4
Qf1+ 41. Kg3 Rf8 42. Qe3 Qf6 43. Kh2 Qe5+ 44. Kg1 Qa1+ 45. Kh2 Rf1 46. Rf2 Rh1+
47. Kg3 Qe5+ 48. Qf4 e3 49. Qxe5+ Kxe5 0-1

[Event "Druga liga Srbije grupa Vojvodina 2011"]
[Site "Vrbas"]
[Date "2011.09.30"]
[Round "9.1"]
[White "Pezelj, Sinisa"]
[Black "Skoko, Milan"]
[Result "1-0"]
[WhiteElo "2146"]
[BlackElo "2218"]
[PlyCount "119"]
[EventDate "2011.09.25"]

1. Nf3 f5 2. c4 Nf6 3. d4 g6 4. g3 Bg7 5. Bg2 O-O 6. O-O d6 7. Nc3 Nc6 8. d5
Na5 9. Qd3 c5 10. b3 a6 11. Bb2 Rb8 12. Nd2 Ng4 13. Nd1 b5 14. Bxg7 Kxg7 15. h3
Nf6 16. f4 bxc4 17. bxc4 e6 18. Nc3 exd5 19. Nxd5 Nxd5 20. Bxd5 Qf6 21. Rab1
Bd7 22. Nf3 Nc6 23. a3 Ne7 24. Bb7 a5 25. Rfd1 Ba4 26. Rd2 Rfd8 27. Rdb2 Bc6
28. Rb6 Bxf3 29. Bxf3 Rxb6 30. Rxb6 Qd4+ 31. Kf1 Qf6 32. Kg2 h5 33. h4 Qd4 34.
Ra6 d5 35. Qxd4+ cxd4 36. c5 Rb8 37. Rxa5 Rb2 38. Kf1 Rb1+ 39. Kf2 Rc1 40. a4
d3 41. exd3 Rc2+ 42. Ke1 Nc6 43. Rb5 Nd4 44. Rb7+ Kf8 45. Bxd5 Rxc5 46. Bc4 Rc8
47. Rd7 Nf3+ 48. Ke2 Nh2 49. Rf7+ Ke8 50. Rg7 Rc5 51. Rxg6 Ke7 52. Re6+ Kd8 53.
Rh6 Kc7 54. Rxh5 Kb6 55. Rh6+ Ka5 56. h5 Rc8 57. Rf6 Re8+ 58. Kd2 Kb4 59. Rb6+
Kxa4 60. Kc3 1-0

[Event "Druga liga Srbije grupa Vojvodina 2011"]
[Site "Vrbas"]
[Date "2011.09.30"]
[Round "9.2"]
[White "Radlovacki, Jovan"]
[Black "Djonin, Bosko"]
[Result "1/2-1/2"]
[WhiteElo "2432"]
[BlackElo "2267"]
[PlyCount "79"]
[EventDate "2011.09.25"]

1. e4 c6 2. d4 d5 3. exd5 cxd5 4. Bd3 Nc6 5. c3 Nf6 6. h3 e5 7. dxe5 Nxe5 8.
Nf3 Nxd3+ 9. Qxd3 Be7 10. O-O O-O 11. Be3 Qc7 12. Nbd2 a6 13. Bd4 Qf4 14. Rfe1
Bf5 15. Qe2 Ne4 16. Rad1 Bf6 17. Bxf6 Nxf6 18. Qe5 Qxe5 19. Rxe5 Bd7 20. Nf1
Rfe8 21. Ne3 Bc6 22. g4 Re6 23. Rf5 h6 24. Nd4 Re4 25. Kg2 Rae8 26. Rf3 Nd7 27.
Nef5 Re1 28. Rxe1 Rxe1 29. Re3 Rxe3 30. Nxe3 g6 31. Nec2 Kf8 32. Nb4 Nb8 33. f4
Ke7 34. Nd3 Be8 35. Kf3 Kd6 36. Ke3 Nd7 37. f5 Nf6 38. fxg6 fxg6 39. Nf2 Bf7
40. Nf3 1/2-1/2

[Event "Druga liga Srbije grupa Vojvodina 2011"]
[Site "Vrbas"]
[Date "2011.09.30"]
[Round "9.2"]
[White "Ratkovic, Milovan"]
[Black "Popovic, Milos T"]
[Result "1/2-1/2"]
[WhiteElo "2177"]
[BlackElo "2390"]
[PlyCount "133"]
[EventDate "2011.09.25"]

1. d4 d5 2. c4 Bf5 3. Nc3 e6 4. e3 c6 5. Nf3 Nf6 6. Bd3 Bg6 7. Ne5 Nbd7 8. Nxg6
hxg6 9. g3 a6 10. a4 Bb4 11. Bd2 Qe7 12. f4 dxc4 13. Bxc4 c5 14. O-O cxd4 15.
exd4 Nb6 16. Bb3 Qd6 17. Qe2 O-O 18. Qe5 Rfd8 19. Qxd6 Bxd6 20. a5 Nc8 21. Be3
Ne7 22. d5 Nexd5 23. Nxd5 Nxd5 24. Bxd5 exd5 25. Bb6 Rdc8 26. Rfd1 Bc5+ 27.
Bxc5 Rxc5 28. b4 Rb5 29. Rd4 Rc8 30. Rad1 Rc2 31. Rxd5 Rxb4 32. Rd8+ Kh7 33.
R1d2 Rb1+ 34. Kg2 Rbb2 35. Rxc2 Rxc2+ 36. Kh3 Rb2 37. g4 f6 38. Kg3 Rb5 39. Rd7
g5 40. f5 Kh6 41. Rd8 Kh7 42. Rd7 Rxa5 43. Rxb7 Rb5 44. Ra7 Rb6 45. Kf3 Kh6 46.
h3 g6 47. Ke4 Rb5 48. fxg6 Kxg6 49. Rxa6 Rb3 50. Ra1 Rxh3 51. Rg1 Kf7 52. Rg2
Ra3 53. Rg1 Ke6 54. Rg2 Ra4+ 55. Kf3 Rf4+ 56. Kg3 Ke5 57. Re2+ Re4 58. Rf2 Re3+
59. Kg2 Ke6 60. Kh2 Rc3 61. Kg2 Rc6 62. Kg3 Ke5 63. Re2+ Kd4 64. Rf2 Ke4 65.
Re2+ Kd3 66. Rf2 Re6 67. Rf5 1/2-1/2

[Event "Druga liga Srbije grupa Vojvodina 2011"]
[Site "Vrbas"]
[Date "2011.09.30"]
[Round "9.2"]
[White "Miranovic, Rajko"]
[Black "Ratkovic, Miloje"]
[Result "1-0"]
[WhiteElo "2376"]
[BlackElo "2135"]
[PlyCount "69"]
[EventDate "2011.09.25"]

1. e4 c6 2. d4 d5 3. exd5 cxd5 4. Nf3 Nc6 5. Ne5 Nf6 6. c3 Bf5 7. Nd2 e6 8.
Ndf3 Bd6 9. Bg5 Qc7 10. Nxc6 bxc6 11. Bxf6 gxf6 12. Bd3 Bxd3 13. Qxd3 O-O 14.
O-O Kh8 15. c4 Bf4 16. g3 Bh6 17. Rfe1 Rad8 18. c5 Rfe8 19. b4 e5 20. Qf5 e4
21. Nh4 Bg5 22. Ng2 a5 23. bxa5 Qxa5 24. Ne3 Qa4 25. h4 Bxe3 26. Qxf6+ Kg8 27.
fxe3 Qa5 28. Rf1 Rd7 29. Rf4 Re6 30. Rg4+ Kf8 31. Qg7+ Ke7 32. Rf1 Kd8 33. Qh8+
Kc7 34. Rg8 Qa6 35. Rb1 1-0

[Event "Druga liga Srbije grupa Vojvodina 2011"]
[Site "Vrbas"]
[Date "2011.09.30"]
[Round "9.2"]
[White "Bucan, Vladimir"]
[Black "Rogac, Srdjan"]
[Result "1/2-1/2"]
[WhiteElo "2104"]
[BlackElo "2299"]
[PlyCount "59"]
[EventDate "2011.09.25"]

1. d4 Nf6 2. Nf3 g6 3. e3 Bg7 4. Nbd2 d6 5. Be2 O-O 6. O-O Nbd7 7. b4 Nd5 8. a3
Nc3 9. Qe1 Nxe2+ 10. Qxe2 e5 11. dxe5 dxe5 12. e4 Qe7 13. Bb2 Nb6 14. Rad1 Bd7
15. Nb3 a6 16. Na5 Rab8 17. c4 Ba4 18. Rd3 Nd7 19. Nb3 Qe6 20. Nfd2 b6 21. f4
exf4 22. Bxg7 Kxg7 23. Rxf4 Bxb3 24. Rxb3 Ne5 25. Rc3 Rbd8 26. Nf3 f6 27. h3 c5
28. Nxe5 Qxe5 29. Rcf3 Rd6 30. Rf1 1/2-1/2

[Event "Druga liga Srbije grupa Vojvodina 2011"]
[Site "Vrbas"]
[Date "2011.09.30"]
[Round "9.2"]
[White "Jovic, Stevan"]
[Black "Petrovic, Lazar"]
[Result "1-0"]
[WhiteElo "2292"]
[BlackElo "2113"]
[PlyCount "73"]
[EventDate "2011.09.25"]

1. d4 d5 2. c4 c6 3. Nc3 Nf6 4. e3 Bf5 5. Nf3 e6 6. Ne5 h6 7. g4 Bh7 8. Bg2
Nbd7 9. Nxd7 Qxd7 10. c5 e5 11. a3 e4 12. b4 b6 13. Bf1 bxc5 14. dxc5 Be7 15.
a4 O-O 16. Ba3 a6 17. Ne2 Qc8 18. Nd4 Nd7 19. Rc1 Ne5 20. Bb2 Bh4 21. Be2 Ra7
22. b5 axb5 23. axb5 Re7 24. Rf1 cxb5 25. Nxb5 Qb8 26. Bxe5 Qxe5 27. Qd4 Qxh2
28. Qxd5 Qh3 29. Kd2 Bg5 30. Ra1 Qh2 31. Ra8 Ree8 32. Rxe8 Rxe8 33. Nd6 Rd8 34.
Qxf7+ Kh8 35. Qe6 Qg2 36. Ke1 Bf6 37. Nf7+ 1-0

[Event "Druga liga Srbije grupa Vojvodina 2011"]
[Site "Vrbas"]
[Date "2011.09.30"]
[Round "9.2"]
[White "Zivkovic, Negosim"]
[Black "Bokan, Danko"]
[Result "1-0"]
[WhiteElo "2248"]
[BlackElo "2227"]
[PlyCount "91"]
[EventDate "2011.09.25"]

1. e4 e5 2. Nf3 Nc6 3. Bb5 f5 4. d3 fxe4 5. dxe4 Bb4+ 6. c3 Bc5 7. Bg5 Nf6 8.
O-O d6 9. h3 O-O 10. Bc4+ Kh8 11. Nbd2 Qe8 12. b4 Bb6 13. a4 a5 14. b5 Nd8 15.
Qe2 Qg6 16. Kh2 Ne6 17. Bxe6 Bxe6 18. Be3 Nh5 19. g3 Bxe3 20. Qxe3 Rf6 21. Nh4
Qe8 22. Ng2 Rh6 23. Nh4 Qd7 24. Ndf3 Bxh3 25. Rh1 Bg4 26. Kg2 Rf8 27. Ng5 Qe7
28. f3 Nf4+ 29. gxf4 exf4 30. Qf2 Bd7 31. Nxh7 Kxh7 32. Rag1 Be6 33. Kf1 Rh8
34. Ng6 Bc4+ 35. Ke1 Qf6 36. Rxh6+ gxh6 37. Nxh8 Qxc3+ 38. Qd2 Qxf3 39. Ng6
Qxe4+ 40. Kf2 Qf5 41. Qd4 Qc2+ 42. Kf3 Be2+ 43. Kxf4 Bg4 44. Nf8+ Kg8 45. Rxg4+
Kxf8 46. Qf6+ 1-0

[Event "Druga liga Srbije grupa Vojvodina 2011"]
[Site "Vrbas"]
[Date "2011.09.30"]
[Round "9.3"]
[White "Vlahovic, Bogdan"]
[Black "Sipos, Istvan"]
[Result "0-1"]
[WhiteElo "2356"]
[BlackElo "2452"]
[PlyCount "98"]
[EventDate "2011.09.25"]

1. Nf3 Nc6 2. d4 d5 3. Bf4 Bf5 4. c3 e6 5. Qa4 Bd6 6. e3 Bxf4 7. exf4 Nge7 8.
Be2 Qd6 9. g3 O-O 10. O-O a6 11. Qa3 Qd8 12. Nbd2 Bg4 13. Rfe1 Nf5 14. Ne5 Nxe5
15. fxe5 Bxe2 16. Rxe2 b6 17. f4 Qe7 18. Qb3 c5 19. Nf3 Rab8 20. Rf1 h5 21. Qd1
Rbc8 22. Qd3 b5 23. a3 Rc7 24. Rd1 Rfc8 25. Kg2 g6 26. dxc5 Rxc5 27. h3 Kg7 28.
g4 Nh4+ 29. Nxh4 Qxh4 30. Qg3 Qxg3+ 31. Kxg3 hxg4 32. hxg4 Rc4 33. Rh2 a5 34.
Rdh1 Kf8 35. Rh8+ Ke7 36. Rxc8 Rxc8 37. Rd1 b4 38. axb4 axb4 39. Rd3 Rb8 40. g5
bxc3 41. bxc3 Rc8 42. Kg4 Kd7 43. Rh3 Rc7 44. Rd3 Rc4 45. Rh3 Rc7 46. Rd3 Kc8
47. Kg3 Rc4 48. Kg4 Kb7 49. Rh3 Kb6 0-1

[Event "Druga liga Srbije grupa Vojvodina 2011"]
[Site "Vrbas"]
[Date "2011.09.30"]
[Round "9.3"]
[White "Dekic, Josip"]
[Black "Sekulic, Dusan"]
[Result "0-1"]
[WhiteElo "2306"]
[BlackElo "2302"]
[PlyCount "84"]
[EventDate "2011.09.25"]

1. e4 e5 2. Nf3 Nc6 3. Bc4 Bc5 4. c3 Qe7 5. O-O d6 6. d4 Bb6 7. h3 Nf6 8. Re1
O-O 9. Na3 h6 10. Bf1 a6 11. Nc4 Ba7 12. b3 Re8 13. Ba3 Qd7 14. dxe5 dxe5 15.
Qc2 b5 16. Rad1 Qe6 17. Ne3 Bxe3 18. Rxe3 Bb7 19. Bb2 Rad8 20. Ree1 Rxd1 21.
Rxd1 Ne7 22. Re1 Ng6 23. g3 c5 24. a4 Qc6 25. axb5 axb5 26. Nd2 Rd8 27. Bc1 Nf8
28. f3 Ne6 29. Be2 Qb6 30. Nf1 b4 31. Bc4 bxc3 32. Bxe6 Qxe6 33. Qxc3 Qxh3 34.
Qxe5 Rd3 35. Be3 Rxb3 36. Qxc5 Ba6 37. e5 Bxf1 38. Rxf1 Qxg3+ 39. Kh1 Qh3+ 40.
Kg1 Rb2 41. Bf2 Nh5 42. Rc1 Nf4 0-1

[Event "Druga liga Srbije grupa Vojvodina 2011"]
[Site "Vrbas"]
[Date "2011.09.30"]
[Round "9.3"]
[White "Mijatovic, Dejan"]
[Black "Strangar, Zlatko"]
[Result "1-0"]
[WhiteElo "2276"]
[BlackElo "2203"]
[PlyCount "75"]
[EventDate "2011.09.25"]

1. d4 Nf6 2. c4 g6 3. Nc3 Bg7 4. e4 d6 5. f3 O-O 6. Be3 Nbd7 7. Qd2 c5 8. Nge2
cxd4 9. Nxd4 Ne5 10. Be2 Bd7 11. O-O Rc8 12. b3 Re8 13. Rad1 Qa5 14. Rc1 a6 15.
Rfd1 Rb8 16. Bf1 b5 17. cxb5 axb5 18. Ncxb5 Qxd2 19. Bxd2 Rb7 20. a4 Reb8 21.
h3 Be8 22. a5 Bxb5 23. Nxb5 Rxb5 24. Bxb5 Rxb5 25. Rc8+ Bf8 26. a6 Rxb3 27. a7
Ra3 28. Bh6 Nfd7 29. a8=Q Rxa8 30. Rxa8 f6 31. f4 Nf7 32. Bxf8 Nxf8 33. Rc1 Kg7
34. Rc7 f5 35. e5 dxe5 36. fxe5 Nxe5 37. Rxe7+ Kf6 38. Rxe5 1-0

[Event "Druga liga Srbije grupa Vojvodina 2011"]
[Site "Vrbas"]
[Date "2011.09.30"]
[Round "9.3"]
[White "Ivanovic, Miroslav"]
[Black "Lalic, Dragan"]
[Result "1/2-1/2"]
[WhiteElo "2177"]
[BlackElo "2308"]
[PlyCount "97"]
[EventDate "2011.09.25"]

1. c4 c6 2. e4 d5 3. exd5 cxd5 4. d4 Nf6 5. Nc3 e6 6. Nf3 Be7 7. Bd3 O-O 8. O-O
b6 9. cxd5 Nxd5 10. Nxd5 Qxd5 11. Qc2 f5 12. Bc4 Qd6 13. Re1 Bf6 14. Qb3 Re8
15. Bg5 Nc6 16. Bxf6 gxf6 17. Qe3 Bd7 18. Qh6 Na5 19. Bd3 Qf8 20. Qf4 Bc6 21.
Rac1 Rac8 22. Ba6 Rcd8 23. a3 Qd6 24. Ne5 Re7 25. Qg3+ Rg7 26. Nxc6 Rxg3 27.
Nxd8 Rg4 28. Nxe6 Re4 29. b4 Qxe6 30. Rxe4 Qxe4 31. bxa5 Qxd4 32. axb6 Qxb6 33.
Bf1 Qa5 34. Rc4 Qxa3 35. Rf4 Qc5 36. g3 a5 37. Bc4+ Kf8 38. Bb3 Qc3 39. Ba4 Ke7
40. Kg2 Ke6 41. Kg1 Ke5 42. Kg2 Qd2 43. Rh4 Qa2 44. Rf4 Qb1 45. Rh4 h5 46. Rf4
Qb7+ 47. Kg1 Qd5 48. Rh4 Qf3 49. Rf4 1/2-1/2

[Event "Druga liga Srbije grupa Vojvodina 2011"]
[Site "Vrbas"]
[Date "2011.09.30"]
[Round "9.3"]
[White "Popov, Stevan"]
[Black "Roganovic, Nebojsa"]
[Result "1/2-1/2"]
[WhiteElo "2209"]
[BlackElo "2194"]
[PlyCount "73"]
[EventDate "2011.09.25"]

1. e4 d5 2. exd5 Nf6 3. Nc3 Nxd5 4. Nge2 Bg4 5. h3 Bh5 6. g4 Bg6 7. Bg2 c6 8.
O-O e6 9. Nxd5 cxd5 10. d4 Nc6 11. c3 Bd6 12. Bf4 h5 13. Qd2 hxg4 14. hxg4 Bxf4
15. Qxf4 Qh4 16. Rfe1 Bd3 17. f3 Ne7 18. Qg3 Bxe2 19. Qxh4 Rxh4 20. Rxe2 Ng6
21. Bf1 Kd7 22. Rh2 Rah8 23. Rxh4 Rxh4 24. Re1 Nf4 25. b3 Rh8 26. c4 Rc8 27.
Kf2 Kd6 28. Re3 g5 29. Re5 f6 30. Re1 Rh8 31. Kg1 Rc8 32. Rd1 b6 33. Rd2 Ng6
34. Bd3 Nf4 35. Bf1 Rh8 36. Rc2 Rc8 37. Rd2 1/2-1/2

[Event "Druga liga Srbije grupa Vojvodina 2011"]
[Site "Vrbas"]
[Date "2011.09.30"]
[Round "9.4"]
[White "Dvornic, Mladen"]
[Black "Rajic, Dobrivoje"]
[Result "1-0"]
[WhiteElo "2306"]
[BlackElo "2120"]
[PlyCount "95"]
[EventDate "2011.09.25"]

1. d4 Nf6 2. c4 e6 3. Nc3 d5 4. Nf3 Be7 5. Bg5 O-O 6. e3 b6 7. cxd5 Nxd5 8.
Bxe7 Qxe7 9. Nxd5 exd5 10. Rc1 Be6 11. Bd3 c5 12. dxc5 bxc5 13. Qc2 c4 14.
Bxh7+ Kh8 15. Bf5 Qb4+ 16. Ke2 Nd7 17. Bxe6 fxe6 18. Ng5 Nf6 19. Nxe6 Rf7 20.
Rhd1 Rb8 21. Ng5 Rd7 22. Qf5 Qxb2+ 23. Rc2 Qb5 24. Rd4 c3+ 25. Kf3 Rf8 26. Rh4+
Kg8 27. Qe6+ Rdf7 28. Nxf7 Rxf7 29. Qc8+ Rf8 30. Qe6+ Rf7 31. Qc8+ Rf8 32. Rh8+
Kxh8 33. Qxf8+ Kh7 34. Rxc3 d4 35. Qc5 Qb7+ 36. Qc6 Qb1 37. exd4 Qd1+ 38. Ke3
Qe1+ 39. Kd3 Qf1+ 40. Kc2 Qxf2+ 41. Kb3 Qxd4 42. Rh3+ Kg6 43. Rg3+ Kh7 44. Qc4
Qb6+ 45. Ka4 Qb8 46. Rh3+ Kg6 47. Qd3+ Kg5 48. Qg3+ 1-0

[Event "Druga liga Srbije grupa Vojvodina 2011"]
[Site "Vrbas"]
[Date "2011.09.30"]
[Round "9.4"]
[White "Nadj, Vladimir"]
[Black "Torbica, Milos"]
[Result "1/2-1/2"]
[WhiteElo "2156"]
[BlackElo "2246"]
[PlyCount "153"]
[EventDate "2011.09.25"]

1. e4 e6 2. d4 d5 3. exd5 exd5 4. Bf4 Nf6 5. Bd3 Bd6 6. Bxd6 Qxd6 7. Nd2 O-O 8.
Ne2 Nc6 9. c3 Ne7 10. Nf3 Ng6 11. h3 Re8 12. O-O Ne4 13. Qc2 Qf6 14. Ng3 Qf4
15. Ne2 Qd6 16. Rfe1 Bd7 17. Nd2 Bc6 18. Nf1 Re6 19. f3 Nf6 20. Neg3 Rae8 21.
Rxe6 Qxe6 22. Bf5 Qd6 23. Qd2 Bb5 24. Re1 Bxf1 25. Rxe8+ Nxe8 26. Nxf1 Nf4 27.
Qe3 Kf8 28. g3 Ng6 29. Kg2 Qf6 30. Bd3 Qb6 31. Qe2 Nf6 32. Ne3 Nh5 33. Kh2 Ne7
34. f4 g6 35. Ng4 f6 36. Ne3 Kf7 37. f5 Qd6 38. Qf3 c6 39. fxg6+ hxg6 40. Qg4
Ng7 41. Qf3 Qe6 42. Ng4 Ngf5 43. Qf2 a5 44. a3 b6 45. Kg2 Qd6 46. Ne3 Nxe3+ 47.
Qxe3 Ng8 48. Be2 f5 49. Kf3 Nf6 50. Qf4 Ne4 51. g4 Kf6 52. gxf5 g5 53. Qxd6+
Nxd6 54. Bd3 Nxf5 55. Bc2 Nh4+ 56. Kg3 Nf5+ 57. Kf3 Ng7 58. Kg4 c5 59. dxc5
bxc5 60. Bb3 d4 61. cxd4 cxd4 62. Bc2 Ne8 63. b4 axb4 64. axb4 Nd6 65. Bd3 Nc8
66. b5 Nb6 67. Be4 Nc4 68. Bb1 Ne5+ 69. Kg3 Ke6 70. h4 gxh4+ 71. Kxh4 Kd5 72.
Kg3 Kc5 73. Kf4 Nc4 74. Ba2 Kxb5 75. Ke4 Kc5 76. Kd3 Ne5+ 77. Kd2 1/2-1/2

[Event "Druga liga Srbije grupa Vojvodina 2011"]
[Site "Vrbas"]
[Date "2011.09.30"]
[Round "9.4"]
[White "Matijevic, Radovan"]
[Black "Zolotic, Zoran"]
[Result "0-1"]
[WhiteElo "2170"]
[BlackElo "2238"]
[PlyCount "116"]
[EventDate "2011.09.25"]

1. c3 Nf6 2. d4 d6 3. Bg5 c6 4. Bxf6 exf6 5. e3 d5 6. Bd3 Bd6 7. Ne2 O-O 8. O-O
Nd7 9. Nd2 Re8 10. Qc2 Nf8 11. Rfe1 Qc7 12. Ng3 g6 13. e4 Bd7 14. exd5 cxd5 15.
Qb3 Bc6 16. Be2 Ne6 17. Bf3 Qa5 18. Qc2 Rac8 19. Ndf1 Ng5 20. Bg4 Rcd8 21. a3
Qc7 22. Be2 f5 23. f3 Ne6 24. Bd3 Nf4 25. Qd2 Qb6 26. Qc2 Nxd3 27. Qxd3 Rxe1
28. Rxe1 Qxb2 29. Nxf5 Bf8 30. N5g3 Qxa3 31. Qd2 Qd6 32. Qg5 f6 33. Qd2 a5 34.
h4 a4 35. h5 a3 36. hxg6 hxg6 37. Kf2 Ra8 38. Qa2 Bh6 39. Ne4 Qd8 40. Nc5 Qa5
41. Qc2 Kf7 42. Ra1 Bf8 43. Nd3 Ba4 44. Qd2 Rc8 45. Nb4 Bb3 46. Ne3 Bh6 47. Qd3
Re8 48. Ng4 Bf8 49. Rh1 f5 50. Rh7+ Bg7 51. Ne5+ Kg8 52. Rh1 Bxe5 53. dxe5 Qc5+
54. Kg3 Rxe5 55. Qd2 Qe3 56. Qd4 Qxd4 57. cxd4 Re2 58. Rc1 Bc4 0-1

[Event "Druga liga Srbije grupa Vojvodina 2011"]
[Site "Vrbas"]
[Date "2011.09.30"]
[Round "9.5"]
[White "Sertic, Rudolf"]
[Black "Somborski, Nebojsa"]
[Result "1-0"]
[WhiteElo "2430"]
[BlackElo "2355"]
[PlyCount "107"]
[EventDate "2011.09.25"]

1. c4 e5 2. Nc3 Nf6 3. Nf3 Nc6 4. g3 Nd4 5. Ng1 d5 6. cxd5 Nxd5 7. e3 Nc6 8. a3
Bf5 9. Qc2 Be7 10. Bg2 O-O 11. Nge2 Qd7 12. O-O Rad8 13. f4 Nxc3 14. bxc3 Bh3
15. fxe5 Bxg2 16. Kxg2 Nxe5 17. d4 Nc4 18. e4 b5 19. a4 a6 20. axb5 axb5 21.
Qd3 Ra8 22. Bf4 c6 23. Qf3 f6 24. h3 Ba3 25. g4 Bd6 26. Ng3 Bxf4 27. Qxf4 b4
28. Rxa8 Rxa8 29. Nf5 b3 30. g5 Qf7 31. gxf6 Qxf6 32. Qc7 Kh8 33. Qb7 Rf8 34.
e5 Qg6+ 35. Kh2 Nd2 36. Rf2 Ne4 37. Rf4 b2 38. Qxb2 h6 39. Rxe4 Qxf5 40. Qe2
Qe6 41. c4 Ra8 42. Rf4 Kg8 43. Rg4 Ra3 44. Qg2 Ra7 45. Qe2 Ra3 46. Qb2 Rxh3+
47. Kxh3 h5 48. Qe2 hxg4+ 49. Kg3 Kf7 50. Kf4 g5+ 51. Kxg5 Qg6+ 52. Kh4 Kg7 53.
Kg3 Kf7 54. Qe3 1-0

[Event "Druga liga Srbije grupa Vojvodina 2011"]
[Site "Vrbas"]
[Date "2011.09.30"]
[Round "9.5"]
[White "Marcak, Dejan"]
[Black "Rolic, Gojko"]
[Result "1-0"]
[WhiteElo "2154"]
[BlackElo "2190"]
[PlyCount "93"]
[EventDate "2011.09.25"]

1. e4 d5 2. exd5 Qxd5 3. Nc3 Qe6+ 4. Be2 Qg6 5. Bf3 c6 6. Nge2 e5 7. d4 Bf5 8.
Ng3 Bxc2 9. Qe2 Nd7 10. d5 c5 11. Nce4 Bxe4 12. Bxe4 Qb6 13. O-O g6 14. Bc2 Bg7
15. f4 f6 16. fxe5 fxe5 17. Ba4 Ngf6 18. Qxe5+ Kd8 19. Bxd7 Kxd7 20. Ne4 Rhf8
21. Qe6+ Qxe6 22. Nxc5+ Ke7 23. Nxe6 Nxd5 24. Nxf8 Rxf8 25. Bg5+ Kd6 26. Rxf8
Bxf8 27. Rf1 Bg7 28. Rf7 Bxb2 29. Rxb7 Bd4+ 30. Kf1 h5 31. Bd2 Ke5 32. Ke2 Ke4
33. Rd7 Bc5 34. Rg7 Kf5 35. Kd3 Bb6 36. a4 Kf6 37. Rg8 Bg1 38. h3 Nb6 39. Bc3+
Kf5 40. Rf8+ Kg5 41. Bd2+ Kh4 42. a5 Nd7 43. Rf1 Bh2 44. Be1+ Kg5 45. Bf2 a6
46. g3 h4 47. Be3+ 1-0

[Event "Druga liga Srbije grupa Vojvodina 2011"]
[Site "Vrbas"]
[Date "2011.09.30"]
[Round "9.6"]
[White "Indjic, Aleksandar"]
[Black "Luketa, Milan"]
[Result "1-0"]
[WhiteElo "2391"]
[BlackElo "2121"]
[PlyCount "51"]
[EventDate "2011.09.25"]

1. d4 d5 2. c4 c6 3. Nf3 Nf6 4. Qc2 g6 5. Nc3 Bg7 6. Bg5 O-O 7. Bxf6 Bxf6 8. e3
Re8 9. Be2 Qd6 10. O-O Bg7 11. cxd5 Bd7 12. dxc6 Bxc6 13. Rfd1 Rc8 14. Rac1 a6
15. e4 b6 16. e5 Qd8 17. Qd2 Ra7 18. Qe3 e6 19. d5 Bxd5 20. Nxd5 Rxc1 21. Nf6+
Bxf6 22. Qxc1 Nd7 23. exf6 Qxf6 24. Qc8+ Nf8 25. Qb8 Qe7 26. Qxb6 1-0

[Event "Druga liga Srbije grupa Vojvodina 2011"]
[Site "Vrbas"]
[Date "2011.09.30"]
[Round "9.6"]
[White "Kracunov, Bozidar"]
[Black "Cerovic, Danilo"]
[Result "0-1"]
[WhiteElo "2078"]
[BlackElo "2305"]
[PlyCount "66"]
[EventDate "2011.09.25"]

1. d4 Nf6 2. c4 g6 3. Nc3 d5 4. Bf4 Bg7 5. c5 O-O 6. h3 b6 7. b4 a5 8. a3 axb4
9. axb4 Rxa1 10. Qxa1 Nc6 11. Na2 bxc5 12. bxc5 Nh5 13. Be3 e5 14. Nf3 e4 15.
Nd2 f5 16. Nb3 f4 17. Bd2 e3 18. fxe3 Qh4+ 19. Kd1 fxe3 20. Be1 Qf4 21. g4 Nxd4
22. Nxd4 Bxd4 23. Qc1 Ng3 24. Bxg3 Qxg3 25. Nb4 Qf2 26. Nd3 Qg3 27. Qa3 Be6 28.
Qa6 Bf7 29. Qa4 Bg7 30. Qf4 Qxf4 31. Nxf4 d4 32. Bg2 Bb3+ 33. Kc1 Rxf4 0-1

[Event "Druga liga Srbije grupa Vojvodina 2011"]
[Site "Vrbas"]
[Date "2011.09.30"]
[Round "9.6"]
[White "Farkas, Miso"]
[Black "Zobenica, Ivan"]
[Result "0-1"]
[WhiteElo "2132"]
[BlackElo "2034"]
[PlyCount "64"]
[EventDate "2011.09.25"]

1. b4 d5 2. Bb2 Qd6 3. a3 a5 4. b5 c5 5. Nf3 Nd7 6. e3 Ngf6 7. d4 b6 8. c4 dxc4
9. Bxc4 e6 10. O-O Bb7 11. Nbd2 Qc7 12. Rc1 Bd6 13. Qe2 e5 14. dxc5 Nxc5 15. h3
Qe7 16. Ba2 O-O 17. Nc4 Bxf3 18. Qxf3 Bc7 19. Rfd1 Rad8 20. Qf5 Nd3 21. Rxd3 g6
22. Qg5 Rxd3 23. Bxe5 Bxe5 24. Nxe5 Rd2 25. Bb3 Kg7 26. Ng4 Ng8 27. Qf4 Qd6 28.
Qc4 Ne7 29. Qc3+ f6 30. e4 Rc8 31. Qa1 Qd4 32. Qxd4 Rxc1+ 0-1

[Event "Druga liga Srbije grupa Vojvodina 2011"]
[Site "Vrbas"]
[Date "2011.09.30"]
[Round "9.6"]
[White "Gavric, Zivojin"]
[Black "Tomin, Nenad"]
[Result "1-0"]
[WhiteElo "2099"]
[BlackElo "1820"]
[PlyCount "73"]
[EventDate "2011.09.25"]

1. e4 c5 2. Nc3 Nc6 3. g3 g6 4. Bg2 Bg7 5. d3 d6 6. f4 e6 7. Nf3 Nge7 8. O-O
O-O 9. Be3 Nd4 10. e5 Nec6 11. exd6 Qxd6 12. Ne4 Qe7 13. c3 Nxf3+ 14. Qxf3 f5
15. Nxc5 e5 16. Nb3 Rd8 17. Rad1 Be6 18. Nc1 Bd5 19. Qf2 Bxg2 20. Qxg2 Rd7 21.
fxe5 Bxe5 22. d4 Bg7 23. Rde1 Qd8 24. Nd3 Rc8 25. Nc5 Rf7 26. Ne6 Qa5 27. Nxg7
Rxg7 28. Bh6 Rd7 29. Qe2 Qxa2 30. Bg5 Qd5 31. h4 b5 32. h5 b4 33. Rf3 bxc3 34.
bxc3 Na5 35. Re3 Qf7 36. Qa6 Nb7 37. Re7 1-0